000 00596cam a22002053a 4500
001 41050
003 PGUSA
005 20140828083925.0
008 121014s2012||||xxu|||||s|||||000 | eng d
040 _aPGUSA
_beng
042 _adc
100 1 _aAltsheler, Joseph A.
_q(Joseph Alexander),
_d1862-1919
245 1 0 _aIn Hostile Red
_h[electronic resource] /
_cJoseph A. Altsheler
260 _bProject Gutenberg,
_c2012
506 _aPublic domain in the USA.
516 _aElectronic text
830 0 _aProject Gutenberg
_v41050
856 4 0 _uhttp://www.gutenberg.org/ebooks/41050
942 _cEB
999 _c270302
_d270302